Všechny za jednu /

Antologie povídek současných českých autorů, jejichž protagonisté mnohdy až zoufale potřebují naplnit jak pocity volnosti a svobody, tak i přátelství a kamarádství.

Hlavní autor: Soukupová, Petra, 1982-
Další autoři: Dvořáková, Petra, 1977-, Geislerová, Anna, 1976-, Bolavá, Anna, 1981-, Bellová, Bianca, 1970-, Moník, Josef, 1952-, Pilátová, Markéta, 1973-, Epstein, Marek, 1975-, Hejdová, Irena, 1977-, Koucká, Pavla, 1975-
Jazyk: Čeština
Vydáno: Praha : Listen, 2021
Vydání: Vydání první
Edice: Česká povídka (Listen)
Témata:
Fyzický popis: 174 stran : ilustrace ; 19 cm
Knihy
Uloženo v:
LEADER 03932nam a2200625 i 4500
001 nkc20213325128
003 CZ PrNK
005 20221004133146.0
007 ta
008 210831s2021 xr a g 000 j cze
015 |a cnb003325128 
020 |a 978-80-242-7562-8  |q (vázáno) 
035 |a (OCoLC)1284974584 
040 |a ABG001  |b cze  |e rda 
045 |a y-y- 
072 7 |a 821.162.3-3  |x Česká próza  |2 Konspekt  |9 25 
080 |a 821.162.3-32  |2 MRF 
080 |a (0:82-32)  |2 MRF 
080 |a (082.21)  |2 MRF 
100 1 |a Soukupová, Petra,  |d 1982-  |7 xx0067507  |4 aut 
245 1 0 |a Všechny za jednu /  |c Petra Soukupová, Petra Dvořáková, Aňa Geislerová, Anna Bolavá, Bianca Bellová, Josef Moník, Markéta Pilátová, Marek Epstein, Irena Hejdová, Pavla Koucká 
250 |a Vydání první 
264 1 |a Praha :  |b Listen,  |c 2021 
300 |a 174 stran :  |b ilustrace ;  |c 19 cm 
336 |a text  |b txt  |2 rdacontent 
337 |a bez média  |b n  |2 rdamedia 
338 |a svazek  |b nc  |2 rdacarrier 
490 1 |a Česká povídka 
505 0 0 |t Křidýlka /  |r Petra Soukupová --  |t Modrá /  |r Petra Dvořáková --  |t Sněhulák /  |r Aňa Geislerová --  |t Můj spolužák Daniel Gabriš /  |r Anna Bolavá --  |t O Davidovi /  |r Bianca Bellová --  |t Loučení se Šabachem /  |r Josef Moník --  |t Černá karavela /  |r Markéta Pilátová --  |t Adolf - ani trochu Hitler /  |r Marek Epstein --  |t Nevěsta /  |r Irena Hejdová --  |t Všechny za jednu /  |r Pavla Koucká 
520 2 |a Antologie povídek současných českých autorů, jejichž protagonisté mnohdy až zoufale potřebují naplnit jak pocity volnosti a svobody, tak i přátelství a kamarádství.  |b Jediné, co může momentálně dát Evě Petry Soukupové pocit svobody, jsou smažená kuřecí křidélka - to si myslí její nejlepší kamarádka Renata. V případě Karla, hrdiny povídky Petry Dvořákové, jedině modrá knížka mu otevře dveře k hudební kariéře na Západě. Jak se ukáže, k jejímu získání stačí být jen upřímný a přirozený. S obojím nemá problém Líba, kterou Markéta Pilátová nechala v osmačtyřicátém roce přejít hranice do Německa. Hrdinky povídek Ani Geislerové a Ireny Hejdové prožívají shodou okolností poslední chvíle před svatbou. I Daniel a David, podivíni z povídek Anny Bolavé a Biancy Bellové, mají něco společného. Ukazují, co je opravdové přátelství - ostatně dávné kamarádské věrnosti se dovolává i hrdina textu Marka Epsteina. A zastání nalezneme i v azylovém domě, kam děj situovala Pavla Koucká. A Petr Šabach? To vám poví Josef Moník... Nakladatelská anotace. Kráceno. 
648 7 |a 21. století  |7 ch460559  |2 czenas 
650 0 7 |a česká povídka  |7 ph128146  |y 21. století  |2 czenas 
650 0 9 |a Czech short stories  |y 21st century  |2 eczenas 
655 7 |a české povídky  |7 fd133971  |2 czenas 
655 7 |a antologie  |7 fd131819  |2 czenas 
655 9 |a Czech short stories  |2 eczenas 
655 9 |a anthology  |2 eczenas 
700 1 |a Dvořáková, Petra,  |d 1977-  |7 xx0044613  |4 aut 
700 1 |a Geislerová, Anna,  |d 1976-  |7 jo20000075324  |4 aut 
700 1 |a Bolavá, Anna,  |d 1981-  |7 xx0166464  |4 aut 
700 1 |a Bellová, Bianca,  |d 1970-  |7 xx0087781  |4 aut 
700 1 |a Moník, Josef,  |d 1952-  |7 mzk2003187265  |4 aut 
700 1 |a Pilátová, Markéta,  |d 1973-  |7 js20051031017  |4 aut 
700 1 |a Epstein, Marek,  |d 1975-  |7 xx0041517  |4 aut 
700 1 |a Hejdová, Irena,  |d 1977-  |7 mzk2005282449  |4 aut 
700 1 |a Koucká, Pavla,  |d 1975-  |7 js20050905003  |4 aut 
830 0 |a Česká povídka (Listen)  |0 s 
910 2 |a BOA001  |b 1-1470.852 
920 |a 4610243  |z ABG001 
928 9 |a Euromedia Group - Listen 
990 |a BK 
995 |a 01 
991 |b 202109  |c NOV 
996 6 |b 2610878504  |c 1-1470.852  |l MZK  |r Sklad / do 1 hodiny  |n 3  |p p.v.  |w 001863086  |u 000010  |a 1  |e BOA001  |j MZK50  |s P 
996 7 |b 2610916333  |c 1-1470.852  |l MZK  |r Sklad / do 1 hodiny  |n 9  |p kup  |w 001863086  |u 000020  |a 1  |e BOA001  |j MZK50  |s A